00349nam a2200133Ia 4500008004100000041000800041082001500049100002200064245004000086250001400126260003200140300003200172365001100204240624s9999 xx 000 0 und d aeng a658.85 SCH aSCHIFFMAN STEPHAN aCLOSING TECHNIQUES THAT REALLY WORK a(3rd ed.) c2005aNew DelhibViva Books aviii, : 147 : p. : cm. ; 18 cRSb30